Загрузка...

Hindi sahitya :sankshipth ithivrith/

Библиографические подробности
Главный автор: Shivakumar Mishra
Формат: Printed Book
Опубликовано: New Delhi: Vani Prakashan, 2009.
LEADER 00370 a2200109 4500
100 |a Shivakumar Mishra 
245 |a Hindi sahitya :sankshipth ithivrith/  |c Shivakumar Mishra 
260 |a New Delhi:  |b Vani Prakashan,  |c 2009. 
300 |a 158p. 
942 |2 ddc  |c BK 
999 |c 241260  |d 241260 
952 |0 0  |1 0  |4 0  |7 0  |9 267753  |a HIN  |b HIN  |c ST1  |d 2011-11-10  |i 22048  |l 0  |p HIN22048  |r 2014-02-07  |w 2014-02-07  |y BK